Normal view
MARC view
- MIDDLETON,ROBERT.C
Entry Personal Name
001 - CONTROL NUMBER
- control field: 80717
003 - CONTROL NUMBER IDENTIFIER
- control field: NUST
005 - DATE AND TIME OF LATEST TRANSACTION
- control field: 20210628210727.0
008 - FIXED-LENGTH DATA ELEMENTS
- fixed length control field: 210628|| aca||aabn | a|a d
040 ## - CATALOGING SOURCE
- Original cataloging agency: NUST
- Transcribing agency: NUST
100 ## - HEADING--PERSONAL NAME
- Personal name: MIDDLETON,ROBERT.C
670 ## - SOURCE DATA FOUND
- Source citation: Work cat.: (NUST): MIDDLETON,ROBERT.C, 101 WAYS TO USE YOUR SQUARE WAVE AND PULSE GENERATORS, 1967
